000 00558pam a2200157a 44500
008 230515b2019 xxu||||| |||| 00| 0 eng d
020 _aNULL
041 _aENGLISH
082 _a610.0
100 _aMS. MEGHANA MADAN KAMBLE
245 _aA STUDY TO ASSESS THE EFFECTIVENESS IF STRUCTURED TEACHING PROGRAMME ON KNOWLEDGE REGARDING NURSING MANAGEMENT OF PSYCHIATRIC EMERGENCIES AMONG STAFF NURSES FROM SELECTED HOSPITAL IN PUNE CITY.
250 _a1
260 _aPUNE
_bBHARATI VIDYAPEETH DEEMED UNIVERSITY, PUNE,
_c2019
300 _a97
650 _aNULL
999 _c532103
_d532103